1994 Annual Report (Record no. 7370)
[ view plain ]
| 000 -BAŞLIK | |
|---|---|
| Sabit Uzunlukta Kontrol Alanı | 00684na a2200229 4500 |
| 001 - KONTROL NUMARASI | |
| Denetim Alanı | 21042 |
| 003 - KONTROL NUMARASI IDENTIFIER | |
| Denetim Alanı | MIRAKIL |
| 005 - SON İŞLEM TARİHİ VE ZAMANI | |
| Denetim Alanı | 20181213155136.0 |
| 008 - SABİT-BOY VERİ ELEMANLARI - GENEL BİLGİLER | |
| Sabit Uzunlukta Kontrol Alanı | 170130b tu 000 0 |
| 040 ## - KATALOGLAMA KAYNAK | |
| Orijinal Kataloglama Ajansı | Milas |
| Kataloglama Dili | tur |
| Metne Dönüştürmek Ajansı | TR-AnCHP |
| 041 ## - DİL KODU | |
| Metin / Ses Parça Veya Ayrı Başlığın Dil Kodu | eng |
| 082 ## - DEWEY ONLU SINIFLANDIRMA NUMARASI | |
| Sınıflandırma Numarası | 363.7 |
| Ürün Numarası | G32b 1994 |
| 090 ## - SINIFLAMA NUMARASI | |
| Sınıflama Numarası | 363.7 G32b 1994 |
| 110 ## - ANA GİRİŞ - KURUMSAL ADI | |
| Giriş Elemanı Olarak Kurumsal Ad Veya Yargı Alanı Adı | GEF Black Sea Enviironmental Programme |
| 245 ## - BAŞLIK TABLOSU | |
| Başlık | 1994 Annual Report |
| Sorumluluk Tablosu, Vb | GEF Black Sea Enviironmental Programme |
| 260 ## - YAYIN, DAĞITIM, VB | |
| Yayın, Dağıtım, Vb Yeri | İstanbul |
| Yayıncı, Dağıtıcı, Vs Adı | UNDP |
| Yayın, Dağıtım, Vb Tarihi | 1994 |
| 300 ## - FİZİKSEL TANIM | |
| Kapsam | 36 s. |
| Diğer Fiziksel Ayrıntıları | tbl. ; şkl. |
| Boyutlar | 30 sm. |
| 650 ## - KONU KATMA GİRİŞ - TOPİKAL DÖNEM | |
| Topikal Süreli Veya Coğrafi Ad Giriş Elemanı | Çevre |
| Genel Alt Bölümü | Karadeniz |
| Kronolojik Alt Bölümü | Raporlar |
| 650 ## - KONU KATMA GİRİŞ - TOPİKAL DÖNEM | |
| Topikal Süreli Veya Coğrafi Ad Giriş Elemanı | Karadeniz |
| Genel Alt Bölümü | Kirlilik |
| Kronolojik Alt Bölümü | Raporlar |
| 710 ## - KATMA GİRİŞ - KURUMSAL ADI | |
| Giriş Elemanı Olarak Kurumsal Ad Veya Yargı Alanı Adı | United Nations Development Programme (UNDP) |
| 942 ## - EKLENDİ GİRİŞ ELEMANLARI (KOHA) | |
| Sınıflandırma Veya Raf Düzeni Kaynak | Dewey Decimal Classification |
| Koha Öğesi Türü | Books |
| 999 ## - SİSTEM KONTROL NUMARALARI (KOHA) | |
| Koha Biblionumber | 7370 |
| Koha Biblioitemnumber | 7370 |
| Kalıcı Konum | Mevcut Konum | Edinme Tarihi | Edinim Kaynak | Toplam Check-Out'Lar | Tam Çağrı Numarası | Barkod | Tarih Son Görülme | İtibaren Geçerli Fiyatlar | Koha Öğesi Türü |
|---|---|---|---|---|---|---|---|---|---|
| CHP Kütüphanesi | CHP Kütüphanesi | 01/30/2017 | Bağış | 363.7 G32b 1994 | 012166 | 01/30/2017 | 01/30/2017 | Books |
